Agricultural Technology Research for Sustainable Development in Development Regions Proceedings of the 7th JIRCAS International Symposium, Tsukuba, 1 - 2 November 2000
Gespeichert in:
| 1. Verfasser: | |
|---|---|
| Format: | Buch |
| Sprache: | Undetermined |
| Veröffentlicht: |
Japan
JIRCAS
2000
|
| Schlagworte: | |
| Tags: |
Tag hinzufügen
Keine Tags, Fügen Sie den ersten Tag hinzu!
|
| Thư viện lưu trữ: | Trung tâm Học liệu Trường Đại học Cần Thơ |
|---|
| LEADER | 00636nam a2200193Ia 4500 | ||
|---|---|---|---|
| 001 | CTU_50414 | ||
| 008 | 210402s9999 xx 000 0 und d | ||
| 082 | |a 630 | ||
| 082 | |b A278 | ||
| 100 | |a M.YAJIMA | ||
| 245 | 0 | |a Agricultural Technology Research for Sustainable Development in Development Regions | |
| 245 | 0 | |b Proceedings of the 7th JIRCAS International Symposium, Tsukuba, 1 - 2 November 2000 | |
| 245 | 0 | |c M.YAJIMA | |
| 260 | |a Japan | ||
| 260 | |b JIRCAS | ||
| 260 | |c 2000 | ||
| 650 | |a developing countries,agriculture | ||
| 650 | |x agricultural aspects,research | ||
| 980 | |a Trung tâm Học liệu Trường Đại học Cần Thơ | ||